| 000 | 00768nam a22001935i 4500 | ||
|---|---|---|---|
| 001 | 48778 | ||
| 003 | ES-MaACL | ||
| 005 | 20230906161822.0 | ||
| 007 | t| | ||
| 008 | 950731s1887 fr a ||||1| fre d | ||
| 040 |
_aCAM _bspa _cCAM |
||
| 100 | 1 |
_aDieulafoy, Jane. _944636 |
|
| 245 | 1 | 3 |
_aLa Perse, la Chaldée et la Susiane _b: relation de voyage contenant 336 gravures sur bois d'aprés les photographies de l'auteur, et deux cartes / _cpar Jane Dieulafoy. |
| 260 |
_aParis : _bHachette et Cie., _c1887. |
||
| 300 |
_a[6], 739 p., [2] h. de map. : _bil. ; _c25 cm. |
||
| 651 | 4 |
_aIrán- _vDescripción. _9158056 |
|
| 651 | 4 |
_aOriente Medio- _xDescripción. _9159943 |
|
| 852 |
_aES-MaACL _jG-2214 _z.- Enc. editorial con decoración de estilo oriental, cantos dorados |
||
| 999 |
_c48778 _d48778 |
||